000 00750nam a22001937a 4500
999 _c27387
_d27387
003 BDDh-ASL
005 20231015030748.0
008 211102s1982 b ||||| |||| 00| 0 b d
040 _cBDDh-ASL
082 _a910
_bRAS
100 1 _95599
_aরশীদ, কে. বি. সাজ্জাদুর
_cডক্টর
245 1 0 _aসাংস্কৃতিক ভূগোল /
246 _a ‍Sanskritik Bhugal
260 _aঢাকা:
_b বাংলা একাডেমি,
_c১৯৮২।
300 _a১৪২ পৃষ্ঠা, :
_c২২ সে. মি.
504 _aগ্রন্থপঞ্জি সংযুক্ত ।
650 0 _95601
_aGeography (ভূগোল)
_xসংস্কৃতি
942 _2ddc
_cBK